| 000 | 00904nam a2200229 i 4500 | ||
|---|---|---|---|
| 001 | 164430 | ||
| 003 | ES-MaACL | ||
| 005 | 20250827063228.0 | ||
| 008 | 940615s1868 sp d |||| |cspa d | ||
| 080 | _a929 (460) "16/18" : 78 (038) | ||
| 100 | 1 |
_aSaldoni, Baltasar, _d1807-1889 _9132330 |
|
| 245 | 1 | 0 |
_aDiccionario biográfico-bibliográfico de efemérides de músicos españoles / _cescrito y publicado por Baltasar Saldoni. |
| 260 |
_aMadrid : _b[s.n.], _c1868 ( _fImp. de Antonio Pérez Dubrull) |
||
| 300 |
_a1 v. (XVII, 339 p.) ; _c23 cm. |
||
| 530 | _aDisponible en formato digital. | ||
| 597 | _aSignaturizado. | ||
| 597 | _aAntep. | ||
| 650 | 0 | 4 |
_aMúsicos- _zEspaña- _xBiografías- _vDiccionarios. _915428 |
| 852 |
_aES-MaACL _jF-12346 _z- Enc. pasta |
||
| 856 |
_uhttp://bdh-rd.bne.es/viewer.vm?id=0000045895&page=1 _zBiblioteca Digital Hispánica |
||
| 999 |
_c164430 _d164430 |
||